000 01666nam0a2200373 4500
001 RU\NLR\bibl\895969
005 20260405095940.0
010 _a5-8459-0860-4
_93000
021 _aRU
_b2005-78373
_93866
035 _a(NLR Aleph) 000884432
090 _a1679296
_c1679296
100 _a20060112d2006 |||y0rusy50 ca
101 1 _arus
_ceng
102 _aRU
105 _aa |||||||||
200 1 _aАнимация и спецэффекты во Flash MX 2004
_fДженифер ДиХаан
_g[пер. с англ. и ред. И.В. Берштейна]
210 _aМосква [и др.]
_cВильямс
_d2006 [т.е. 2005]
215 _a502 с.
_cил.
_d24
_e1 электрон. опт. диск [CD-ROM]
300 _aЗагл. и авт. ориг.: Animation and effects with macromedia Flash MX 2004 / Jen de Haan
300 _aКн. фактически издана в 2005 г.
320 _aПредм. указ.: с. 496-502
454 0 _12001#$aAnimation and effects with macromedia Flash MX 2004$fJen de Haan
_1700#1$3RU\NLR\auth\7736247$aDe Haan$bD.$gJen$4070
_tAnimation and effects with macromedia Flash MX 2004
_aDe Haan, Jen
606 1 _aКомпьютерная анимация
_92208048
_3RU\NLR\auth\661326536
606 1 _aFLASH MX 2004, мультимедийный редактор
_92319110
_3RU\NLR\auth\661387503
686 _aЗ988.02-018.3
686 _aЗ973.235
686 _aЗ973.23-044.4
686 _aЩ377.0
700 1 _4070
_8rus
_7ca
_aДиХаан
_bД.
_gДженифер
_3RU\NLR\auth\7736246
_919236
801 0 _aRU
_bNLR
_c20060112
_grcr
801 1 _aRU
_bNLR
_c20060112
942 _cBOOK
980 _aNB